MINERALOGICKO-PETROGRAFICKÁ CHARAKTERISTIKA PODMENILITOVÉHO EOCÉNU A MENILITOVÝCH VRSTIEV DUKELSKO-UŽOCKÝCH VRÁS (FLYŠ VÝCHODNÉHO SLOVENSKA)

Bibliographic Details
Main Authors: Číčel, Blahoslav, 1933-2023 (Author), Ďurkovič, Tibor (Author)
Format: Article
Language:Slovak

MARC

LEADER 00000nab a2200000ua 4500
001 vtls010841803
003 SK-MaSNL
005 20260303185928.0
008 230218s1963 xo |||||||||||||||||slo|
035 |a (urnnbn)urn:nbn:sk:snk:ar-a06yr3 
035 |a urn:nbn:sk:snk-ab649q 
035 |a (uuid)6cf1772b-3b79-43fd-ad41-7cf34ca37c49 
040 |a SNKBUCL  |b slo  |c SNKBUCL  |e AACR2 
041 0 |a slo 
044 |a xo  |c SK 
100 1 |a Číčel, Blahoslav,  |d 1933-2023  |4 aut  |9 140483 
245 1 0 |a MINERALOGICKO-PETROGRAFICKÁ CHARAKTERISTIKA PODMENILITOVÉHO EOCÉNU A MENILITOVÝCH VRSTIEV DUKELSKO-UŽOCKÝCH VRÁS (FLYŠ VÝCHODNÉHO SLOVENSKA)  |c Blahoslav Číčel, Tibor Ďurkovič 
700 1 |a Ďurkovič, Tibor  |4 aut  |9 6429 
773 0 |t Geologický sborník  |g Roč. 14, č. 2 (1963), s. 301-318 
954 |a odborná, vedecká literatúra pôvodná (slovenská)  |2 lita 
958 |a OND 
958 |a EUIPO 
958 |a article5 
999 |c 2133705  |d 2135635